00420nam a2200181Ia 4500008004100000020001800041050001400059100001900073245002200092245002200114250001800136260001000154260001900164260000900183300001600192300002000208300001000228170918s9999 xx 000 0 und d a9780375855252 bJ523 2008 aJenkins, Emily aToy dance party / cby Emily Jenkins. aFirst edition aUSA : bYearling Book, c2008 a159 pages : billustrations ; c19cm.